| 000 | 00576nam a2200241Ia 4500 | ||
|---|---|---|---|
| 005 | 20250425161527.0 | ||
| 008 | 250425s9999 xx 000 0 und d | ||
| 020 | _a0827017324 | ||
| 041 | _aspa | ||
| 082 | _a574 | ||
| 100 | _aGARCÍA, ROBERTO B. | ||
| 245 | 0 | _a¿QUE ES LA DIFERENCIACIÓN CELULAR? | |
| 250 | _a1A ED. | ||
| 260 |
_aEstados Unidos _bOEA _c1983 |
||
| 260 | _aWASHINGTON | ||
| 300 | _a128 | ||
| 500 | _aSERIE DE BIOLOGÍA Nº 27 | ||
| 650 | _aBIOLOGIA | ||
| 650 | _aCITOLOGIA | ||
| 650 | _aDIFERENCIA CELULAR | ||
| 942 | _c01 | ||
| 010 | _a22296 | ||
| 999 |
_c210982 _d210982 |
||